Loading...
| Literature - Long Fiction | 1 | 1 | 0 | 1 | 25 | 81 | 112.50 | 1 | 2 |
| Religion | 0 | 2 | 0 | 0 | 20 | 114 | 120.50 | 1 | 2 |
| Science - Other Science | 0 | 1 | 0 | 1 | 10 | 152 | 152.00 | 0 | 1 |
| Literature - Misc Literature | 0 | 1 | 0 | 0 | 10 | 120 | 120.00 | 0 | 1 |
| Literature - Drama | 0 | 1 | 0 | 0 | 10 | 107 | 107.00 | 1 | 1 |
| History - American History | 0 | 1 | 0 | 0 | 10 | 82 | 82.00 | 1 | 1 |
| Fine Arts - Classical Music | 0 | 1 | 0 | 0 | 10 | 85 | 85.00 | 1 | 1 |
| Current Events | 0 | 1 | 1 | 1 | 5 | 138 | 138.00 | 1 | 1 |
| Fine Arts - Other Fine Arts | 0 | 1 | 2 | 1 | 0 | 139 | 139.00 | 0 | 1 |
| History - World History | 0 | 0 | 1 | 0 | -5 | 0.00 | 0 | 0 | |
| Social Science | 0 | 1 | 3 | 0 | -5 | 131 | 131.00 | 1 | 1 |